| 000 | 00988nam a2200217 i 4500 | ||
|---|---|---|---|
| 001 | 183895 | ||
| 003 | ES-MaACL | ||
| 005 | 20240120062957.0 | ||
| 008 | 141111s2014 sp acp |||| |dspa d | ||
| 020 | _a978-84-938559-2-5 | ||
| 100 | 1 |
_aRuiz de Torres, Juan, _d1931-2014 _9155342 |
|
| 245 | 1 | 0 |
_aA golpes voy llegando del futuro _b: Poesía completa (1950-2014) / _cJuan Ruiz de Torres. |
| 246 | 3 | _aPoesía completa (1950-2014) | |
| 260 |
_aCuenca : _bDulcinea, _c2014 ( _eMadrid : _fCampillo Nevado) |
||
| 300 |
_a1086 p. : _bil. col. y n. ; _c24 cm. |
||
| 505 | 8 |
_aContiene: ; _tPublicaciones de poesía ; _tÍndices de poemas y publicaciones ; _tPoemas (registro alfabético), A a Z ; _tAlgunas críticas, reseñas y comentarios ; _tResumen biográfico |
|
| 600 | 1 | 7 |
_aRuiz de Torres, Juan, _d1931-2014- _xCrítica e interpretación _2 _9145528 |
| 852 |
_aES-MaACL _jA-13300 _9190856 _bR.150180 _cDEPO1 _dOlim: N-6300 |
||
| 942 |
_2udc _cMONOGRAFIA |
||
| 999 |
_c183895 _d183895 |
||